000 00641nam a2200241Ia 4500
003 OSt
005 20221006160644.0
006 a|||||r|||| 00| 0
007 ta
008 221006b |||||||| |||| 00| 0 kor d
020 _a8809178078086
024 _a45,938
037 _bGift, KCC (Window on Korea)
_cAudio
040 _aEASL
_cEASL
_bkor
041 _2kor
_akor
082 _aCD00334-336
245 0 _aTongvangshinqi’the 3rd Asia tour concert’ = K-pop
300 _ap.
_ccm.
490 _v V.3 KCD
650 _aCD
942 _hCD00334-336
_cAUD
_2CC
999 _c1114030
_d1114030